000 00567nam a22002297a 4500
003 UA-OsUOA
001 49884
007 ta
008 20071012b un ||||| |||| 00| 0 ukr d
100 _aДзембас О.
090 _a94(477)
_bД43
942 _cBK
040 _aUA-OsUOA
_bukr
_cUA-OsUOA
_dUA-OsUOA
245 _aНевицький замок
300 _a80 с.
955 _a1
041 _aukr
080 _a94(477)
260 _aУжгород
_c2005
650 7 _a9 Географія. Біографії. Історія
_2UDC
999 _c335980
_d335980